| 000 | 00539nam a2200169 i 4500 | ||
|---|---|---|---|
| 001 | 65551 | ||
| 003 | ES-MaACL | ||
| 005 | 20230906165416.0 | ||
| 007 | t| | ||
| 008 | 040115s1973 sp ||||1| spa d | ||
| 100 | 1 |
_aFriedman, Yona. _952640 |
|
| 245 | 1 | 0 |
_aHacia una arquitectura científica / _cYona Friedman ; versión, Francisco Ayguavives Gárnica. |
| 260 |
_a[Madrid] : _bAlianza, _c[1973] |
||
| 300 |
_a194 p., 2 lám. : _bil. ; _c20 cm. |
||
| 700 | 1 |
_aAyguavives Gárnica, Francisco. _924160 |
|
| 852 |
_aES-MaACL _jC-54075 _bR.86923 |
||
| 999 |
_c65551 _d65551 |
||